| 000 | 00781nam a22002657a 4500 | ||
|---|---|---|---|
| 003 | CHAP | ||
| 005 | 20220329140609.0 | ||
| 008 | 971013s r 00010 d | ||
| 010 | _a54506 | ||
| 011 | _a55478 | ||
| 035 | _a59630 | ||
| 040 | _cCHAP | ||
| 090 | _aR-1737 | ||
| 100 | 0 | 0 |
_aSigurdson, Jon. _9105917 |
| 245 | _aDevelopment of rural areas in India and China | ||
| 500 | _aSobretiro de : AMBIO 5 (3) : 98-107, 1976 | ||
| 590 |
_aBATCH-UPD _b10 _c20130110 _lUCH01 _h0200 |
||
| 590 |
_aBATCH-UPD _b10 _c20130110 _lUCH01 _h2248 |
||
| 590 |
_aCONVERSION _b10 _c20130109 _lUCH01 _h1329 |
||
| 650 | 1 | 4 |
_aChina _xCondiciones rurales. _922555 |
| 650 | 1 | 4 |
_aIndia _xCondiciones rurales. _957543 |
| 901 | _aBK | ||
| 942 | _cREIMP | ||
| 949 |
_aR-1737 _bBC _cR _d-128899 _eTS1 _i59630 _si |
||
| 999 |
_c54506 _d54506 |
||